000 00901nas a2200313 4500
001 BR2010000252
003 BR-BrBNA
005 20231205114039.0
007 ta
008 230509b bl.|||p| |||| 00| 00por d
040 _aBR-BrBNA
_bpor
_cBiblioteca Nacional de Agricultura
041 _a(Pt)
072 _aF60
100 1 _aSantos, P.R. dos
100 1 _aRuiz, H.A.
100 1 _aNeves, J.C.
100 1 _aFreire, M.B.G. dos S.
100 1 _aFreire, F.J.
245 1 _aAcúmulo de cátions em dois cultivares de feijoeiro crescidos em soluções salinas
650 _aFEIJÃO
650 _aVARIEDADE
650 _aSALINIDADE
650 _aALCALINIDADE
650 _aCLORETO
650 _aBICARBONATO
773 0 _tRevista Ceres (Brazil)
_xISSN 0034-737X
_g(Sep-Oct 2009), v. 56(5) p. 666-678
_wBR2010000252
909 _a202311
_bLúcia
_c55
_dLúcia Elande
942 _2AGRIS
_n0
_cANA
999 _c206863
_d206863